Continental holds on to top spot as Japanese firms gain more power (Record no. 56237)

MARC details
000 -LEADER
fixed length control field 00357nam a2200133Ia 4500
100 ## - MAIN ENTRY--AUTHOR NAME
Personal name Meyer Bruce
245 #0 - TITLE STATEMENT
Title Continental holds on to top spot as Japanese firms gain more power
260 ## - PUBLICATION, DISTRIBUTION, ETC. (IMPRINT)
Name of publisher European Rubber Journal
Year of publication 2013
300 ## - PHYSICAL DESCRIPTION
Number of Pages 19
650 ## - SUBJECT ADDED ENTRY--TOPICAL TERM
Topical Term Rubber
700 ## - ADDED ENTRY--PERSONAL NAME
Personal name McHenry Louise
942 ## - ADDED ENTRY ELEMENTS (KOHA)
Koha item type Journals
Holdings
Withdrawn status Lost status Damaged status Not for loan Home library Current library Shelving location Date acquired Koha item type
      Journals RRII Library RRII Library Rubber general 17/10/2013 Journals